Statistiques concernant Culture Générale - Série 2364

Cliquez ici pour prendre le quiz!

Statistiques générales

  • Ce quiz a été pris 58 fois
  • Le résultat moyen est 5 sur 10

Statistiques - réponses

QuestionRéponse% Correct
Quel animal est un "boxer" ?chien
96%
Quelle plante potagère est appelée "frisée" ?salade
89%
Au cinéma, qui est le grand blond avec une chaussure noire ? prénom et nom - voir photoPierre Richard
85%
Ce mot peut désigner la femelle d'un animal - une chaussure - un passeur de drogue.mule
65%
Comment appelle-t-on plus couramment la maladie "ictère" ?jaunisse
53%
Quel mot de 11 lettres commençant par " e " désigne "un combat ponctuel survenant entre deux patrouilles ou détachements" ?escarmouche
38%
Quel est le prénom de l'acteur qui incarne "Raymond" dans la série télévisée "Scènes de ménage" ?Gérard
35%
Qui a écrit "Regain" en 1930 ?Jean Giono
24%
Ce mot de 5 lettres désigne un bloc de glace de grande taille ou un fromagesérac
13%
Familièrement, quel verbe de 9 lettres commençant par " p " signifie "bavarder, blablater" ?piapiater
0%

Distribution des résultats

Percentile par nombre de réponses

% des personnes avec chaque résultat

Votre développement - résultats

Vous n’avez pas pris ce quiz